Steaua București All-Time Starting XI - Statistics

General Stats
  • This quiz has been taken 37 times
  • The average score is 3 of 13
Answer Stats
Position Player % Correct
MF (1987-90) Gheorghe Hagi
90%
FW (1983-90/93-2000) Marius Lacatus
43%
12th player (1984-87) László Bölöni
30%
FW (1968-82/86) Anghel Iordănescu
27%
Coach (1975-78/83-86/91/93-94/98-2000) Emerich Jenei
27%
DF (1982-88/98-2001) Miodrag Belodedici
23%
MF (1975-89/90-91) Tudorel Stoica
17%
DF (1984-87) Ilie Bărbulescu
13%
DF (1980-91/92-93) Ștefan Iovan
13%
DF (1949-62) Alexandru Apolzan
7%
FW (1955-69) Gheorghe Constantin
0%
GK (1950-63) Ion Voinescu
0%
MF (1972-81) Marcel Răducanu
0%
No matching quizzes found
Score Distribution
Percent of People with Each Score
Percentile by Number Answered
Your Score History
You have not taken this quiz